00565nam a2200145 4500245005700000710002000057260003600077300002200113490006300135500001400198500007100212082001600283952010300299999001700402 aTruth, syntax and modalitycedited by Hugues Leblanc aLeblanc, Hugues aAmsterdambNorth-Hollandcc1973 avii,317p.; 23cm.- aStudies in logic and the foundations of mathematics; no.68 aContents: aPress of the Temple University conference on alternative semantics a162.06bLEB 001040708RELaNEHUbNEHUd2011-11-24l0o162.06 LEBp10454r2011-11-24 00:00:00w2011-11-24yBK c15693d15693